| 000 | 00745nam a22002057a 4500 | ||
|---|---|---|---|
| 010 | _aB-078083 | ||
| 020 | _c140.00 | ||
| 035 | _aB-078083 | ||
| 037 | _aCen Lib/Ret | ||
| 040 |
_aDPL _bHN |
||
| 082 |
_a551.482 _bमिश्रअ |
||
| 100 |
_aमिश्र, अनुपम _9113507 |
||
| 245 |
_aआज भी खरे हैं तालाब _cअनुपम मिश्र |
||
| 246 | _aAaj bhi khare hein talab | ||
| 250 | _a4th ed. | ||
| 260 |
_aनई दिल्ली _bपर्यावरण कछ, गांधी सन्ति प्रतिस्थान _c2002 |
||
| 300 |
_a120p. _b24cm(HB) |
||
| 650 |
_aEnvironmental science _910584 |
||
| 942 |
_2ddc _cEN _h551.482 _mमिश्रअ |
||
| 999 |
_c121906 _d121906 |
||